| 000 | 00977nam a2200253 i 4500 | ||
|---|---|---|---|
| 001 | 782285 | ||
| 003 | EG-ScBUE | ||
| 005 | 20250717090144.0 | ||
| 008 | 730410s1972 enka f 000 0 eng d | ||
| 020 | _a027336152X | ||
| 040 |
_aDLC _beng _erda _cDLC _dDLC _dEG-ScBUE |
||
| 082 | 0 | 4 |
_a541.3884028 _222 _bAND |
| 100 | 1 |
_aAndrews, John N., _eauthor. _97099 |
|
| 245 | 1 | 0 |
_aBasic experiments with radioisotopes : _bfor courses in physics, chemistry and biology / _c J. N. Andrews, PhD, DIC, ARIC, director of nuclear studies, University of Bath, D. J. Hornsey, lecture in radiobiology, University of Bath. |
| 264 | 1 |
_aLondon : _bPitman, _c1972. |
|
| 300 |
_axiii, 277, [8] pages : _billustrations ; _c23 cm |
||
| 336 |
_2rdacontent _atext _btxt |
||
| 337 |
_aunmediated _2rdamedia _bn |
||
| 338 |
_avolume _bnc _2rdacarrier |
||
| 650 | 7 |
_aRadioisotopes _xExperiments. _2BUEsh _97100 |
|
| 655 | _vReading book | ||
| 700 | 1 |
_aHornsey, David John, _ejoint author. _97101 |
|
| 942 |
_2ddc _cBB |
||
| 999 |
_c12077 _d12077 |
||